Loading...
Fine Arts - Auditory Fine Arts | 1 | 2 | 0 | 0 | 35 | 36 | 104.00 | 1 | 3 |
Science - Chemistry | 0 | 2 | 0 | 0 | 20 | 67 | 96.50 | 1 | 2 |
History - Other History | 0 | 1 | 0 | 1 | 10 | 121 | 121.00 | 0 | 1 |
Pop Culture | 0 | 1 | 0 | 0 | 10 | 115 | 115.00 | 0 | 1 |
Fine Arts - Visual Fine Arts | 0 | 1 | 0 | 0 | 10 | 125 | 125.00 | 0 | 1 |
Religion | 0 | 1 | 1 | 0 | 5 | 111 | 111.00 | 0 | 1 |
Science - Other Science | 0 | 1 | 1 | 0 | 5 | 105 | 105.00 | 1 | 1 |
History - World History | 0 | 0 | 0 | 0 | 0 | 0.00 | 0 | 0 | |
Science - Physics | 0 | 0 | 0 | 0 | 0 | 0.00 | 0 | 0 | |
History - European History | 0 | 0 | 1 | 0 | -5 | 0.00 | 0 | 0 | |
Social Science | 0 | 0 | 1 | 0 | -5 | 0.00 | 0 | 0 |